[Event "FRA-chT2 West 0809"]
[Site "France"]
[Date "2009.04.05"]
[Round "11.6"]
[White "Gillot, Jean Yves"]
[Black "Cadiou, Jacques"]
[Result "1/2-1/2"]
[WhiteElo "1924"]
[BlackElo "2001"]
[PlyCount "41"]
[EventDate "2008.10.19"]
[EventType "team-tourn"]
[EventRounds "11"]
[EventCountry "FRA"]
[SourceTitle "EXT 2010"]
[Source "ChessBase"]
[SourceDate "2010.11.25"]
[SourceVersion "1"]
[SourceVersionDate "2010.11.25"]
[SourceQuality "1"]
[WhiteTeam "Stade Francais Jeen"]
[BlackTeam "Quimper"]
[WhiteTeamCountry "FRA"]
[BlackTeamCountry "FRA"]

1. d4 Nf6 2. c4 e6 3. Nc3 Bb4 4. e3 0-0 5. Nge2 d5 6. a3 Be7 7. Ng3 c5 8. dxc5 dxc4 9. Bxc4 Qxd1+ 10. Kxd1 Bxc5 11. b4 Be7 12. Bb2 b6 13. Ke2 Bb7 14. f3 Nbd7 15. Rhd1 Rfc8 16. Bb5 Ne5 17. Nce4 Nc4 18. Bxf6 Bxf6 19. Nxf6+ gxf6 20. Rd4 Ne5 21. Rad1 1/2-1/2